000 00458nam a22001817a 4500
003 MPLRDC
005 20220104144425.0
008 210129b ||||| |||| 00| 0 eng d
082 _a524.951 YJ
100 _a袁俊
245 _a小城故事
_c
250 _a一版三刷
260 _a
_b十方出版社
_c1990
300 _b
490 _a大马高级教育文凭中文用书. 2
650 _a中等教育--高中华文
942 _cBK
_o524.951 YJ
999 _c49463
_d49453